Global change, regional response: the new international context of development /
Na minha lista:
| Autor principal: | |
|---|---|
| Formato: | Livro |
| Idioma: | English |
| Publicado em: |
New York:
Cambridge University Press,
1995
|
| Tags: |
Adicionar Tag
Sem tags, seja o primeiro a adicionar uma tag!
|
MARC
| LEADER | 00000nam a22000007a 4500 | ||
|---|---|---|---|
| 003 | cru CIDCACS/IIS | ||
| 005 | 20171021062529.0 | ||
| 007 | ta | ||
| 008 | 171020t1995 -us|||||r|||| 00| 0 eng d | ||
| 999 | |c 40510 |d 40510 | ||
| 020 | |a 0521478065 | ||
| 040 | |c cru CIDCACS/IIS | ||
| 090 | |a 02.01.01 ST782g | ||
| 100 | 1 | |9 5742 |a Stallings, Barbara |e editora | |
| 245 | 1 | |a Global change, regional response: |b the new international context of development / |c Barbara Stallings | |
| 260 | |a New York: |b Cambridge University Press, |c 1995 | ||
| 300 | |a 410 páginas: |b tablas | ||
| 942 | |2 ddc |c LI | ||



